Quiz wiedzy ogólnej #37 - Statystyki

Ogólne statystyki
  • Ten quiz został rozwiązany 1 479 razy
  • Średni wynik to 10 z 20
Statystyki odpowiedzi
Pytanie Odpowiedź % Poprawnych
Do jakiego państwa należy wyspa Rodos? Do Grecji
97%
Co może mieć dziób, rufę i ładownię? Statek
82%
W którym kraju znajdują się Saragossa i Valladolid? W Hiszpanii
82%
Jakie jest nazwisko braci Fidela i Raúla? Castro
68%
Jaki piłkarski klub gra na Old Trafford? Manchester United
65%
Jaka roślina może urosnąć do wysokości ponad 40 metrów, a także urosnąć o ponad 1 metr w ciągu doby? Bambus
58%
Z jaką bronią nacierali na siebie konno rycerze na turniejach? Kopią / Lancą
57%
Jak na nazwisko ma tenisistka, której imię to planeta? Williams
56%
Jaki pierwiastek w układzie okresowym nazywa się po łacińsku "Argentum"? Srebro
54%
Jaka organizacja jest islamskim odpowiednikiem Czerwonego Krzyża? Czerwony {Półksiężyc}
47%
Jakie są pierwsze słowa refrenu piosenki "Długość dźwięku samotności"? "I nawet kiedy będę sam..."
43%
W której powieści występuje dziewczyna z "Dystryktu 12"? Igrzyska Śmierci
41%
Jaka zatoka leży między Indiami a Indochinami? Zatoka {Bengalska}
39%
Znajduje się w okolicy Kilimandżaro, jest drugą najwyższą górą w Afryce i jest nazwana na cześć państwa? Co to jest? Kenia
37%
W "Powrocie do Przyszłości II", do którego przyszłego roku podróżuje Marty McFly? 2015
33%
Jaka słynna seria książek dla dzieci została napisana przez A. A. Milne'a? Kubuś Puchatek
33%
Jaki organiczny związek chemiczny powoduje, że marchewki są pomarańczowe? β-Karoten
29%
Diwali to indyjski festiwal ____. Świateł
17%
Jaki prawie martwy język był użyty do napisania hinduskich Wed? Sanskryt
13%
Jakiej jednostki używa się do mierzenia koni w krajach anglosaskich? Dłoni
4%
Nie znaleziono quizów pasujących do podanych kryteriów
Rozkład punktacji
Procent ludzi z każdym wynikiem
Percentyl według liczby udzielonych odpowiedzi
Twoja historia wyników
Nie rozwiązałeś tego quizu